01014nabaa22002177a 4500999001500000003000400015005001700019008004100036040000700077100002700084245009600111300001500207500003600222505020100258505008900459650003200548650004200580650004200622773011900664942001300783 c6291d6291OSt20260129004940.0190701b xxu||||| |||| 00| 0 spa d cPJ 93687aButeler, Alfonso13aEl silencio positivo :bprimeras reflexiones a partir de la ley 27.742 /cAlfonso Buteler.  ap. 169-178 aCita: TR LALEY AR/DOC/438/2025  aSumario: I. Introducción.— II. La teoría del silencio.— III. Clases.— IV. Sistemas de configuración.— V. Los efectos del silencio.— VI. El silencio positivo en el sistema federal.  t¿Te interesa el texto completo? Comunicate al correo: koha@justierradelfuego.gov.ar 09211aDERECHO ADMINISTRATIVO 09200aDECRETOS DE NECESIDAD Y URGENCIA 093532aSILENCIO DE LA ADMINISTRACIÓN0 0284293251dBuenos Aires : AbeledoPerrot, 2012-oDA121tDerecho administrativo. Nº 158 marzo/abril 2025z18510590 2udccANA